| 000 | 00873nam a22002057a 4500 | ||
|---|---|---|---|
| 999 |
_c12203 _d12203 |
||
| 003 | AR-CdUCM | ||
| 008 | 190408b ||||| |||| 00| 0 spa d | ||
| 040 |
_aMUNICIPALIDAD PROVINCIAL DEL CUSCO _cBIBLIOTECA MUNICIPAL DEL CUSCO |
||
| 082 |
_a343.207 / _bAR66 /1893 |
||
| 100 |
_aAranda, Ricardo _928625 |
||
| 245 |
_aLa constitución del Perú de 1860 con sus reformas hasta 1893 : _bleyes orgánicas decretos, reglamentos y resoluciones referentes a ella / |
||
| 260 |
_aLima : _bImprenta de la H. Cámara de Diputados, _c1893. |
||
| 300 |
_a862 paginas ; _c21 cm. |
||
| 505 | _aContenido : Alcabala -- Beneficios eclesiástico -- Censo general -- Cuerpo político de la armada -- Derecho de la aduana... | ||
| 650 |
_aConstitución del Perú _929936 |
||
| 650 |
_a1860 _929937 |
||
| 650 |
_aLeyes organicas _98243 |
||
| 942 |
_2ddc _cLIBROS |
||
| 945 |
_awnts _d2019-04-08 |
||